Normal view
MARC view
- Islamic laws
Entry Topical Term
001 - CONTROL NUMBER
- control field: 104512
003 - CONTROL NUMBER IDENTIFIER
- control field: NUST
005 - DATE AND TIME OF LATEST TRANSACTION
- control field: 20221208182432.0
008 - FIXED-LENGTH DATA ELEMENTS
- fixed length control field: 221208|| aca||aabn | a|a d
040 ## - CATALOGING SOURCE
- Original cataloging agency: NUST
- Transcribing agency: NUST
150 ## - HEADING--TOPICAL TERM
- Topical term or geographic name entry element: Islamic laws
670 ## - SOURCE DATA FOUND
- Source citation: Work cat.: (NUST)190596: Sheikh,Haroon Mufti Allie 104511, Islamic principles on family planning /, 1999
